00347nam a22001217a 4500008004100000040001800041041000800059245003500067260006100102300001800163500002100181650002300202130821s1940 enk gr eng  aCo-BoUCMbspa00aeng00aSelected modern english essays aOxford (Oxfordshire, Inglaterra)bUniversity Pressc1940 a435 páginas aIncluye índice04aLiteratura inglesa